| 000 | 00757nam a2200277Ia 4500 | ||
|---|---|---|---|
| 008 | 170712s9999 xx 000 0 und d | ||
| 050 | _a320.95 | ||
| 050 | _bL317 2002 | ||
| 100 | _aLaquian, Aprodicio A. | ||
| 245 | 4 | _aThe Erap tragedy : | |
| 245 | _btales from snake pit / | ||
| 245 | _cby Aprodicio A. Laquian and Eleanor R. Laquian. | ||
| 260 | _aPhilippines : | ||
| 260 | _bAnvil, | ||
| 260 | _c2002 | ||
| 300 | _a354 pages : | ||
| 300 | _billustrations ; | ||
| 300 | _c22cm. | ||
| 500 | _aIncludes bibliography and index. | ||
| 650 | _aPhilippines -- | ||
| 650 | _aPolitics and government. | ||
| 650 | _aPresidents -- | ||
| 650 | _aTitle. | ||
| 650 | _xPhilippines -- Biography. | ||
| 650 | _xPolitics and government -- 1986- | ||
| 999 |
_c340358 _d340358 |
||